000 00500nam a22001817a 4500
003 OSt
005 20240617105756.0
008 240617b |||||||| |||| 00| 0 eng d
040 _aDDC
_cMUST
082 _a516 HAR 1950
_b22
100 _aHart,William L.
_917311
245 _aElements of Analytic Geometry
_cWilliam L. Hart
260 _aBoston
_bD.C. Health and Company
_cC1950
300 _avii,264p.;
_bill:
_c22cm
504 _aincludes index
650 _aGeometrics
_917312
942 _2ddc
_cO_SHELF
999 _c8523
_d8523